Estatísticas para Países em uma Copa do Mundo da FIFA

Clique aqui para jogar o quiz

Estatísticas Gerais

  • Esse quiz foi jogado 482 vezes
  • A pontuação média é 13 de 16

Estatísticas das Respostas

QuestãoBlocoSelect% Correto
.BélgicaSim
90%
.MéxicoSim
90%
.África do SulSim
89%
.MongóliaNão
89%
.Arábia SauditaSim
88%
.FilipinasNão
86%
.EquadorSim
85%
.TurquiaSim
84%
.ÁustriaSim
82%
.CanadáSim
81%
.IslândiaSim
81%
.TunísiaSim
78%
.ÍndiaNão
77%
.Nova ZelândiaSim
75%
.Côte d'IvoireSim
71%
.FinlândiaNão
69%

Distribuição das Pontuações

Percentil de Números Respondidos

Porcentagem de Pessoas com Cada Pontuação

Sua Pontuação Histórica

Você não jogou esse quiz